[Tapicería llamada del Apocalypsy : propiedad de la Corona Real de España : obra flamenca del siglo XVI / (Record no. 193610)

MARC details
000 -LEADER
campo de control de longitud fija 02049nam a2200409 i 4500
001 - NÚMERO DE CONTROL
campo de control 193610
003 - IDENTIFICADOR DE NÚMERO DE CONTROL
campo de control SpMaBN
005 - FECHA Y HORA DE LA ÚLTIMA TRANSACCIÓN
campo de control 20250817063832.0
007 - CAMPO FIJO DE DESCRIPCIÓN FÍSICA--INFORMACIÓN GENERAL
campo de control de longitud fija ta
008 - DATOS DE LONGITUD FIJA--INFORMACIÓN GENERAL
campo de control de longitud fija 240123n xxx spa
016 7# - NÚMERO DE CONTROL DE UNA AGENCIA BIBLIOGRÁFICA NACIONAL
Número de control del registro bimoBNE19993811621
Número de control cancelado/no válido IND9200541330
Fuente SpMaBN
035 ## - NÚMERO DE CONTROL DEL SISTEMA
Número de control de sistema (OCoLC)432565586
035 ## - NÚMERO DE CONTROL DEL SISTEMA
Número de control de sistema bimo0001130589
040 ## - FUENTE DE CATALOGACIÓN
Centro catalogador/agencia de origen SpMaBN
Lengua de catalogación spa
Centro/agencia transcriptor A2
Centro/agencia modificador ES-MaACL
100 1# - ENTRADA PRINCIPAL--NOMBRE DE PERSONA
Nombre de persona Madrazo, Pedro de,
Fechas asociadas al nombre 1816-1898
Número de control del registro de autoridad o número normalizado XX1121281
9 (RLIN) 75340
Término indicativo de función/relación Autor
245 11 - MENCIÓN DEL TÍTULO
Título [Tapicería llamada del Apocalypsy : propiedad de la Corona Real de España : obra flamenca del siglo XVI /
Mención de responsabilidad, etc. por Pedro de Madrazo].
264 #1 - PRODUCCIÓN, PUBLICACIÓN, DISTRIBUCIÓN, FABRICACIÓN Y COPYRIGHT
Producción, publicación, distribución, fabricación y copyright [Lugar de publicación no identificado]:
Nombre del de productor, editor, distribuidor, fabricante [editor no identificado],
Fecha de producción, publicación, distribución, fabricación o copyright [fecha de publicación no identificada].
300 ## - DESCRIPCIÓN FÍSICA
Extensión 137 páginas, VIII hojas de láminas ;
Dimensiones Fol. (45 cm)
336 ## - TIPO DE CONTENIDO
Fuente rdacontent
Término de tipo de contenido Texto
337 ## - TIPO DE MEDIO
Fuente rdamedia
Nombre/término del tipo de medio sin mediación
338 ## - TIPO DE SOPORTE
Fuente rdacarrier
Nombre/término del tipo de soporte volumen
500 ## - NOTA GENERAL
Nota general Tirada aparte de la publicada en el Museo español de antigüedades. MDCCCLXXX. Tomo X
510 ## - NOTA DE CITAS O REFERENCIAS BIBLIOGRÁFICAS
Nombre de la fuente CCPB,
Localización dentro de la fuente 000309795-1
510 ## - NOTA DE CITAS O REFERENCIAS BIBLIOGRÁFICAS
Nombre de la fuente CCPH,
Localización dentro de la fuente 001688330-6
594 ## - NOTA AL TITULO Y MENCION DE RESPONSABILIDAD
Nota Título y autor constan en página 1.
596 ## - NOTA DE PIE DE IMPRENTA
Nota Palau, 146404, lo supone impreso por M. Fortanet en 1880.
599 ## - NOTA A LAS ILUSTRACIONES
Nota Las hojas de láminas litografiadas: "D. José Vallejo lo dibujó. Domingo Martinez lo grabó", representación del tapíz.
599 ## - NOTA A LAS ILUSTRACIONES
Nota Las hojas de láminas a doble hoja encaradas.
650 #7 - PUNTO DE ACCESO ADICIONAL DE MATERIA--TÉRMINO DE MATERIA
Término de materia o nombre geográfico como elemento de entrada Tapices flamencos
Fuente del encabezamiento o término embne
9 (RLIN) 167365
650 #7 - PUNTO DE ACCESO ADICIONAL DE MATERIA--TÉRMINO DE MATERIA
Término de materia o nombre geográfico como elemento de entrada Artes decorativas
Fuente del encabezamiento o término embne
9 (RLIN) 135625
700 0# - ENTRADA AGREGADA--NOMBRE PERSONAL
9 (RLIN) 112862
Nombre de persona Vallejo y Galeazo, José,
Fechas asociadas al nombre 1821-1882
Término indicativo de función/relación Ilustrador
700 1# - ENTRADA AGREGADA--NOMBRE PERSONAL
Nombre de persona Martínez Aparici, Domingo,
Fechas asociadas al nombre 1822-1898
Término indicativo de función/relación Grabador
9 (RLIN) 77862
852 ## - LOCALIZACIÓN
Ubicación ES-MaACL
Ubicación en estantería Depósito 2
Signatura antigua Olim: G-3983
-- Olim: 181A22
Número de control de estantería GF-111
Encuadernación Encuadernación holandesa
Marcas de propiedad Sello en tinta en portada: "Ateneo Cientifico, Literario y Artistico. Madrid. Biblioteca.
Anotaciones manuscritas Anotación manuscrita en portada: "Es tirada aparte del "Museo Español de Antiguedades"
itemnumber 201080
942 ## - ELEMENTOS DE ENTRADA SECUNDARIOS (KOHA)
Suprimir en OPAC No
Tipo de ítem Koha Libro impreso antiguo
Holdings
Estatus retirado Estado de pérdida Fuente del sistema de clasificación o colocación Estado de daño No para préstamo Colección Biblioteca de origen Biblioteca actual Ubicación en estantería Fecha de adquisición Total de préstamos Signatura topográfica completa Código de barras Visto por última vez Precio de reemplazo Tipo de ítem Koha Nota pública
    Clasificación decimal universal     Libros del s. XIX Biblioteca del Ateneo de Madrid Biblioteca del Ateneo de Madrid Depósito 2 23/01/2024   GF-111 101206366 23/01/2024 23/01/2024 Libro impreso antiguo GF-111.-- Olim: 181A22 ; Olim: G-3983. -- Encuadernación holandesa. -- Sello en tinta en portada: "Ateneo Científico, Literario y Artístico. Madrid. Biblioteca.". -- Anotación manuscrita en portada: "Es tirada aparte del "Museo Español de Antigüedades"